[Event "27th Czech Open A 2016"]
[Site "Pardubice CZE"]
[Date "2016.07.23"]
[Round "2.23"]
[White "Hansen, Mads"]
[Black "Potapov, Pavel"]
[Result "1/2-1/2"]
[WhiteTitle "FM"]
[BlackTitle "GM"]
[WhiteElo "2353"]
[BlackElo "2483"]
[WhiteFideId "1401610"]
[BlackFideId "4169786"]
[EventDate "2016.07.22"]

1. e4 d5 2. exd5 Qxd5 3. Nf3 Nf6 4. d4 Bg4 5. Be2 c6 6. O-O e6 7. c4 Qd8 8. Nc3
Be7 9. h3 Bh5 10. Qb3 Qb6 11. Be3 Nbd7 12. Rfd1 O-O 13. Qxb6 Nxb6 14. g4 Bg6 15.
Ne5 Rad8 16. Rac1 Bb4 17. a3 Bxc3 18. Rxc3 Nbd7 19. Rcc1 a6 20. Nxg6 hxg6 21. a4
Rfe8 22. g5 Nh7 23. a5 f6 24. h4 Nhf8 25. b4 Kf7 26. b5 Nb8 27. Rb1 cxb5 28.
cxb5 Re7 29. Bf3 axb5 30. Rxb5 Nc6 31. Kg2 e5 32. d5 e4 33. Be2 Ne5 34. Rdb1 Ra8
35. R1b4 Nd3 36. Bxd3 exd3 37. Rd4 Nd7 38. Rxd3 Ne5 39. Rdb3 Ke8 40. Bd4 Nd7 41.
Bc3 Re4 42. Rxb7 Rxh4 43. gxf6 gxf6 44. Bb4 Kd8 45. Rb5 Rh5 46. Re3 Kc7 47. Be7
Ne5 48. Rc3+ Kd7 49. Rb7+ Ke8 50. Bxf6 Ng4 51. Bg7 Rxd5 52. a6 Rxa6 53. Rc8+ Rd8
54. Rc4 Nf6 55. Bxf6 Rxf6 56. Rh4 Rf7 57. Rh8+ Rf8 58. Rxf8+ 1/2-1/2

[Event "27th Czech Open A 2016"]
[Site "Pardubice CZE"]
[Date "2016.07.23"]
[Round "2.24"]
[White "Smirnov, Anton"]
[Black "Grekh, Andrey"]
[Result "1/2-1/2"]
[WhiteTitle "IM"]
[BlackTitle "IM"]
[WhiteElo "2478"]
[BlackElo "2347"]
[WhiteFideId "3208923"]
[BlackFideId "14112418"]
[EventDate "2016.07.22"]

1. d4 Nf6 2. c4 Nc6 3. Nf3 e6 4. Nc3 Bb4 5. Qc2 O-O 6. a3 Bxc3+ 7. bxc3 d6 8.
Bg5 h6 9. Bh4 e5 10. e3 Re8 11. Be2 Qe7 12. d5 Nb8 13. Nd2 Nbd7 14. e4 Nc5 15.
f3 b6 16. Nf1 g5 17. Bf2 Nh5 18. Bxc5 bxc5 19. Ne3 Bd7 20. O-O Nf4 21. Rfb1 Reb8
22. Bf1 Rb6 23. a4 Rxb1 24. Rxb1 a5 25. g3 Ng6 26. Rb7 Qd8 27. Qd1 Rb8 28. Rb5
Bxb5 29. cxb5 Qf6 30. Bh3 h5 31. Bf5 Ne7 32. h3 Kg7 33. c4 Ng8 34. Qe1 Ra8 35.
Kg2 Qd8 36. Qf2 Nh6 37. Qe1 Ng8 38. Qf2 Nh6 39. Qe1 1/2-1/2

[Event "27th Czech Open A 2016"]
[Site "Pardubice CZE"]
[Date "2016.07.23"]
[Round "2.26"]
[White "Raja, Harshit"]
[Black "Simacek, Pavel"]
[Result "1/2-1/2"]
[BlackTitle "IM"]
[WhiteElo "2351"]
[BlackElo "2470"]
[WhiteFideId "5089000"]
[BlackFideId "307165"]
[EventDate "2016.07.22"]

1. e4 e5 2. Nf3 Nc6 3. Bb5 a6 4. Ba4 Nf6 5. O-O Nxe4 6. d4 b5 7. Bb3 d5 8. dxe5
Be6 9. Nbd2 Nc5 10. c3 d4 11. Bxe6 Nxe6 12. cxd4 Ncxd4 13. Ne4 Be7 14. Be3 c5
15. b4 Qd5 16. Nxc5 Bxc5 17. bxc5 Nxf3+ 18. Qxf3 Qxf3 19. gxf3 Ke7 20. Rfd1 Rhc8
21. Rac1 a5 22. c6 Ke8 23. Rd5 b4 24. Rc4 Ra6 25. f4 g6 26. Kg2 Rc7 27. Rb5
Rcxc6 1/2-1/2

[Event "27th Czech Open A 2016"]
[Site "Pardubice CZE"]
[Date "2016.07.23"]
[Round "2.27"]
[White "Neelotpal, Das"]
[Black "Kulon, Klaudia"]
[Result "1/2-1/2"]
[WhiteTitle "GM"]
[BlackTitle "WGM"]
[WhiteElo "2467"]
[BlackElo "2334"]
[WhiteFideId "5003512"]
[BlackFideId "1131044"]
[EventDate "2016.07.22"]

1. e4 c5 2. Nf3 d6 3. d4 cxd4 4. Nxd4 Nf6 5. Nc3 Nc6 6. Bg5 Qb6 7. Nb3 e6 8. Qd2
Be7 9. Bxf6 Bxf6 10. Qxd6 Be5 11. Qc5 Qxc5 12. Nxc5 Ke7 13. Bb5 Nd4 14. Bd3 b6
15. Nb3 Bb7 16. O-O Rhc8 17. Nxd4 Bxd4 18. Nd1 Rd8 19. Re1 Rac8 20. Rb1 1/2-1/2

[Event "27th Czech Open A 2016"]
[Site "Pardubice CZE"]
[Date "2016.07.23"]
[Round "2.28"]
[White "Sylvan, Jacob"]
[Black "Satyapragyan, Swayangsu"]
[Result "1-0"]
[WhiteTitle "FM"]
[BlackTitle "IM"]
[WhiteElo "2342"]
[BlackElo "2467"]
[WhiteFideId "1402137"]
[BlackFideId "5004306"]
[EventDate "2016.07.22"]

1. e4 e5 2. Nf3 Nc6 3. Bb5 a6 4. Ba4 Nf6 5. O-O Be7 6. Re1 b5 7. Bb3 d6 8. c3
O-O 9. h3 Nb8 10. d3 Nbd7 11. Nbd2 Bb7 12. Nf1 Nc5 13. Bc2 Re8 14. Ng3 Bf8 15.
b4 Ncd7 16. Bb3 h6 17. a3 a5 18. Bb2 d5 19. exd5 Nxd5 20. bxa5 Nf4 21. Ne4 Rxa5
22. a4 Ra6 23. axb5 Rg6 24. Ng3 Qf6 25. Re3 h5 26. Ne1 Nc5 27. Bc4 h4 28. Nh5
Qf5 29. Nxf4 Qxf4 30. Ra7 e4 31. d4 Bd6 32. dxc5 Qh2+ 33. Kf1 Bxc5 34. Rxb7 Rf6
35. Bc1 Qh1+ 36. Ke2 Qg1 37. Nf3 Qxg2 38. Qf1 exf3+ 39. Kd1 Bxe3 40. Bxe3 Rxe3
41. Rb8+ Kh7 42. fxe3 1-0

[Event "27th Czech Open A 2016"]
[Site "Pardubice CZE"]
[Date "2016.07.23"]
[Round "2.29"]
[White "Gavrilov, Alexei1"]
[Black "Wallner, Joachim"]
[Result "1-0"]
[WhiteTitle "GM"]
[BlackTitle "FM"]
[WhiteElo "2465"]
[BlackElo "2333"]
[WhiteFideId "4104358"]
[BlackFideId "1608720"]
[EventDate "2016.07.22"]

1. d4 d5 2. c4 c6 3. Nf3 Nf6 4. e3 Bg4 5. Qb3 Qb6 6. Nc3 e6 7. Nh4 Bh5 8. h3 Be7
9. g4 Bg6 10. Nxg6 hxg6 11. Bg2 g5 12. O-O Nbd7 13. Rd1 Qc7 14. cxd5 exd5 15. e4
Nxe4 16. Nxe4 dxe4 17. Bxe4 Nf6 18. Bg2 Nd5 19. Bxd5 cxd5 20. Re1 O-O-O 21. Bf4
Qxf4 22. Rxe7 Rd7 23. Rxd7 Kxd7 24. Qxb7+ 1-0

[Event "27th Czech Open A 2016"]
[Site "Pardubice CZE"]
[Date "2016.07.23"]
[Round "2.30"]
[White "Thakur, Akash"]
[Black "Gurevich, Daniel"]
[Result "1/2-1/2"]
[WhiteTitle "FM"]
[BlackTitle "IM"]
[WhiteElo "2339"]
[BlackElo "2459"]
[WhiteFideId "5008514"]
[BlackFideId "2044676"]
[EventDate "2016.07.22"]

1. e4 c6 2. d4 d5 3. Nc3 dxe4 4. Nxe4 Bf5 5. Ng3 Bg6 6. Nh3 e6 7. Nf4 Bd6 8. h4
Qc7 9. Nxg6 hxg6 10. Ne4 Nf6 11. Nxf6+ gxf6 12. c3 Nd7 13. Be3 f5 14. g3 Nf6 15.
Qf3 Ng4 16. Bd2 e5 17. dxe5 Bc5 18. Bf4 Bxf2+ 19. Kd2 O-O-O+ 20. Kc2 Qb6 21. b3
Be3 22. Bd3 Bxf4 23. Qxf4 Qf2+ 24. Qxf2 Nxf2 25. Bc4 Nxh1 26. Rxh1 Rh7 27. a4
Re8 28. Re1 1/2-1/2

[Event "27th Czech Open A 2016"]
[Site "Pardubice CZE"]
[Date "2016.07.23"]
[Round "2.31"]
[White "Lugovskoy, Maxim"]
[Black "Kutynec, Vladimir"]
[Result "1-0"]
[WhiteTitle "IM"]
[BlackTitle "IM"]
[WhiteElo "2458"]
[BlackElo "2322"]
[WhiteFideId "24126454"]
[BlackFideId "4119843"]
[EventDate "2016.07.22"]

1. d4 d5 2. Nc3 Bf5 3. Bf4 e6 4. f3 Bd6 5. Bxd6 Qxd6 6. e4 Bg6 7. Qd2 Nd7 8.
O-O-O Ne7 9. h4 h6 10. h5 Bh7 11. e5 Qb6 12. f4 c5 13. Nf3 Nf5 14. g4 Ng3 15.
Rg1 Ne4 16. Nxe4 Bxe4 17. dxc5 Nxc5 18. Nd4 Rc8 19. Rg3 Ke7 20. f5 Qc7 21. f6+
gxf6 22. exf6+ Kxf6 23. g5+ Ke7 24. Ra3 Qe5 25. gxh6 Qf6 26. Kb1 Qxh6 27. Qb4
Qxh5 28. Be2 Qe5 29. Rxa7 Rh2 30. Rxb7+ Kf6 31. Rf1+ Kg6 32. Rbxf7 Rxe2 33. Ka1
Bxc2 34. Nxc2 Qe4 35. Qc3 Qe5 36. Qf3 Nb3+ 37. axb3 1-0

[Event "27th Czech Open A 2016"]
[Site "Pardubice CZE"]
[Date "2016.07.23"]
[Round "2.32"]
[White "Sundararajan, Kidambi"]
[Black "Warakomska, Anna"]
[Result "1/2-1/2"]
[WhiteTitle "GM"]
[BlackTitle "WIM"]
[WhiteElo "2456"]
[BlackElo "2321"]
[WhiteFideId "5005370"]
[BlackFideId "1130790"]
[EventDate "2016.07.22"]

1. d4 d5 2. c4 c6 3. Nc3 Nf6 4. e3 e6 5. Nf3 Nbd7 6. Bd3 dxc4 7. Bxc4 b5 8. Bd3
Bd6 9. Ng5 Bb7 10. O-O b4 11. Nge4 Nxe4 12. Nxe4 Be7 13. Bd2 O-O 14. Qc2 h6 15.
Rac1 a5 16. Rfd1 Qb6 17. Be1 Rfd8 18. f3 Rac8 19. Nc5 Nxc5 20. dxc5 Qa7 21. Bf2
Ba6 22. Bxa6 Qxa6 23. a4 Qa7 24. e4 Qc7 25. Bg3 Qa7 26. Bf2 Qc7 27. Bg3 1/2-1/2

[Event "27th Czech Open A 2016"]
[Site "Pardubice CZE"]
[Date "2016.07.23"]
[Round "2.33"]
[White "Tate, Alan"]
[Black "Frolov, Artur"]
[Result "1/2-1/2"]
[WhiteTitle "FM"]
[BlackTitle "IM"]
[WhiteElo "2331"]
[BlackElo "2455"]
[WhiteFideId "2401878"]
[BlackFideId "14100134"]
[EventDate "2016.07.22"]

1. e4 c5 2. Nf3 Nc6 3. d4 cxd4 4. Nxd4 e6 5. Nc3 d6 6. g4 a6 7. Be3 Nge7 8. f4
Nxd4 9. Qxd4 Nc6 10. Qd2 b5 11. O-O-O Qc7 12. Kb1 Be7 13. g5 O-O 14. h4 b4 15.
Na4 Rb8 16. Qf2 Bd8 17. h5 Ne7 18. b3 Bd7 19. Nb2 Bc6 20. Bg2 Qb7 21. Rhe1 Bxe4
22. Bxe4 Qxe4 23. Ba7 Qb7 24. Bxb8 Qxb8 25. Na4 Nf5 26. g6 Bh4 27. Qe2 Bxe1 28.
gxf7+ Rxf7 29. Rxe1 Nd4 30. Qe4 e5 31. fxe5 Nf3 32. Rd1 Nxe5 33. Qd5 Kf8 34. Qe4
g6 35. Qe3 Kg8 36. hxg6 hxg6 37. Nb6 Qf8 38. Qh3 Rf5 39. Nd5 a5 40. Qh4 Rf1 41.
Qd4 Rxd1+ 42. Qxd1 Qf3 43. Qd4 g5 44. a3 bxa3 45. Ka2 Qe2 46. Ne3 g4 47. Nxg4
Qxg4 48. Qxd6 Nf7 49. Qb8+ Kg7 50. Kxa3 Qd7 51. Qg3+ Kf6 52. c3 1/2-1/2

[Event "27th Czech Open A 2016"]
[Site "Pardubice CZE"]
[Date "2016.07.23"]
[Round "2.34"]
[White "Vyskocil, Neklan"]
[Black "Smith, Bryan G"]
[Result "0-1"]
[WhiteTitle "IM"]
[BlackTitle "GM"]
[WhiteElo "2323"]
[BlackElo "2453"]
[WhiteFideId "307106"]
[BlackFideId "2017083"]
[EventDate "2016.07.22"]

1. e4 e6 2. d4 d5 3. Nd2 Nf6 4. e5 Nfd7 5. c3 c5 6. f4 Nc6 7. Ndf3 cxd4 8. cxd4
a5 9. Bd3 a4 10. a3 Nb6 11. Ne2 Bd7 12. O-O Be7 13. g4 Na5 14. Rb1 Nbc4 15. f5
Qb6 16. Kg2 Nb3 17. Qe1 O-O-O 18. Qf2 Kb8 19. Bf4 Ka8 20. Ng3 Bb5 21. Rfd1 Rc8
22. Bf1 Nca5 23. Bg5 Rhe8 24. Bxb5 Qxb5 25. Nf1 Bxg5 26. Nxg5 Rc7 27. Ne3 h6 28.
Nf3 Rec8 29. Kg3 Nc1 30. Qf1 Qxf1 31. Rxf1 Ncb3 32. Rbd1 Nc4 33. Nxc4 Rxc4 34.
Rf2 Rc2 35. Rdf1 Rxf2 36. Rxf2 Rc4 37. fxe6 fxe6 38. Kh4 Ka7 39. Kh5 Nxd4 40.
Nxd4 Rxd4 41. h3 Re4 42. Kg6 Rxe5 43. Kxg7 Re3 44. h4 Rg3 45. g5 hxg5 46. h5 Rh3
47. h6 g4 48. h7 d4 49. h8=Q Rxh8 50. Kxh8 e5 51. Re2 g3 52. Rxe5 d3 53. Re1 Kb6
54. Kg7 Kc5 55. Kf6 Kd4 56. Kf5 d2 57. Rg1 Kd3 58. Rxg3+ Kc2 0-1

[Event "27th Czech Open A 2016"]
[Site "Pardubice CZE"]
[Date "2016.07.23"]
[Round "2.35"]
[White "Machan, Jan"]
[Black "Hirneise, Tobias"]
[Result "0-1"]
[WhiteTitle "FM"]
[BlackTitle "IM"]
[WhiteElo "2322"]
[BlackElo "2452"]
[WhiteFideId "334774"]
[BlackFideId "24600881"]
[EventDate "2016.07.22"]

1. d4 d5 2. Nf3 Nf6 3. c4 c6 4. cxd5 cxd5 5. Nc3 Nc6 6. Bf4 Bf5 7. e3 e6 8. Qb3
Bb4 9. Be2 O-O 10. O-O Bxc3 11. Qxc3 Ne4 12. Qa3 g5 13. Bg3 h5 14. h4 g4 15. Nh2
Nxg3 16. fxg3 Qc7 17. Rf4 Qe7 18. Qxe7 Nxe7 19. Rff1 Rac8 20. Rfc1 Bc2 21. Nf1
Nf5 22. a4 Rc7 23. Ra3 Rfc8 24. Kf2 f6 25. a5 Nd6 26. Nd2 Kf7 27. Ke1 Be4 28.
Rxc7+ Rxc7 29. Rc3 Rxc3 30. bxc3 Bxg2 31. c4 dxc4 32. Bxc4 Ke7 33. Bd3 f5 34.
Kd1 Kd7 35. Kc1 Bd5 36. Kb2 Kc7 37. Ka3 b6 38. Kb4 Nb7 39. axb6+ Kxb6 40. Nc4+
Bxc4 41. Bxc4 Nd8 42. Bb5 Nc6+ 43. Kc4 Kc7 44. Kd3 Nd8 45. Kc3 Kd6 46. Kc4 a5 0-1

[Event "27th Czech Open A 2016"]
[Site "Pardubice CZE"]
[Date "2016.07.23"]
[Round "2.36"]
[White "Malakhov, Igor"]
[Black "Hemant, Sharma2"]
[Result "1/2-1/2"]
[WhiteTitle "IM"]
[WhiteElo "2451"]
[BlackElo "2299"]
[WhiteFideId "4183088"]
[BlackFideId "5025842"]
[EventDate "2016.07.22"]

1. e4 c5 2. Nf3 d6 3. d4 cxd4 4. Nxd4 Nf6 5. Nc3 a6 6. h3 e5 7. Nde2 h5 8. g3
Be6 9. Bg2 Be7 10. Be3 Nbd7 11. Qd2 Rc8 12. a4 Nb6 13. b3 d5 14. Bxb6 Qxb6 15.
Nxd5 Nxd5 16. exd5 Bf5 17. Ra2 O-O 18. O-O Rfd8 19. a5 Qb5 20. Qd1 Bb4 21. c4
Qd7 22. h4 Re8 23. Ra4 Qe7 24. Nc1 g6 25. Na2 Bd6 26. Nc3 Bd7 27. Ra2 f5 28. Na4
Bxa4 29. Rxa4 e4 30. Re1 Bc5 31. Kf1 Qd6 32. Ra2 Re7 33. Qc1 Bb4 34. Rd1 e3 35.
fxe3 Qxg3 36. d6 Bxd6 37. Rad2 Be5 38. Rd8+ Rxd8 39. Rxd8+ Kh7 40. Qd2 Qxh4 41.
Rd7 Rxd7 42. Qxd7+ Kh6 43. Bxb7 Bc3 44. Qd3 Bxa5 45. c5 Qe1+ 46. Kg2 Bc7 47. e4
fxe4 48. Bxe4 Qh4 49. b4 Qh2+ 50. Kf1 h4 51. Qf3 Qe5 52. Qg4 Qf6+ 53. Kg2 Qb2+
54. Kf1 Qc1+ 55. Kg2 Qg5 56. Qxg5+ Kxg5 57. Bd3 a5 58. bxa5 1/2-1/2

[Event "27th Czech Open A 2016"]
[Site "Pardubice CZE"]
[Date "2016.07.23"]
[Round "2.37"]
[White "Krapivin, Vladislav"]
[Black "Vykouk, Jan"]
[Result "1/2-1/2"]
[WhiteTitle "IM"]
[BlackTitle "FM"]
[WhiteElo "2318"]
[BlackElo "2450"]
[WhiteFideId "4126149"]
[BlackFideId "349658"]
[EventDate "2016.07.22"]

1. e4 c5 2. Nc3 d6 3. g3 Nc6 4. Bg2 g6 5. d3 Bg7 6. f4 e6 7. Nf3 Nge7 8. O-O O-O
9. Be3 Rb8 10. Bf2 b6 11. d4 Ba6 12. Re1 cxd4 13. Nxd4 Nxd4 14. Bxd4 e5 15. Be3
Qc7 16. a4 Rfd8 17. Qf3 exf4 18. Qxf4 Bc4 19. Rad1 a6 20. Qh4 Nc6 21. Bg5 Re8
22. Bf6 Ne5 23. Bxg7 Kxg7 24. Qf4 b5 25. axb5 axb5 26. b4 Be6 27. Nd5 Bxd5 28.
Rxd5 Nc4 29. Qf2 Re5 30. Qd4 Qb6 31. Bf1 Na3 32. Bd3 Nc4 33. Bxc4 bxc4 34. c3
Qxd4+ 35. Rxd4 f5 36. Rxd6 fxe4 37. Rd4 e3 38. Rxc4 e2 39. Kf2 Rbe8 40. h4 h6
41. Rd4 g5 42. hxg5 hxg5 43. Rd2 Rf5+ 44. Kg2 Re3 45. Rdxe2 Rxc3 46. Re3 Rc4 47.
Re4 Rc3 48. R1e3 Rc2+ 49. Re2 Rc3 50. Re5 Kg6 51. Rxf5 Kxf5 52. Rd2 Rb3 53. Rd4
g4 54. Rf4+ Kg5 55. Rc4 Kf5 56. Kf2 Rf3+ 57. Kg2 Rb3 58. Rf4+ Kg5 59. Kf2 Rb2+
60. Ke1 Rb3 1/2-1/2

[Event "27th Czech Open A 2016"]
[Site "Pardubice CZE"]
[Date "2016.07.23"]
[Round "2.38"]
[White "Zanan, Evgeny"]
[Black "Kulkarni, Rakesh"]
[Result "1/2-1/2"]
[WhiteTitle "FM"]
[WhiteElo "2450"]
[BlackElo "2296"]
[WhiteFideId "24101940"]
[BlackFideId "5037077"]
[EventDate "2016.07.22"]

1. d4 Nf6 2. c4 e6 3. Nf3 d5 4. Nc3 c6 5. Bg5 Be7 6. e3 Nbd7 7. Qc2 O-O 8. Rd1
h6 9. Bh4 Re8 10. a3 Qa5 11. Nd2 Qd8 12. Be2 e5 13. dxe5 Nxe5 14. Bxf6 Bxf6 15.
cxd5 cxd5 16. Nde4 Be6 17. Nxf6+ Qxf6 18. Nxd5 Bxd5 19. Rxd5 Rac8 20. Qb3 Rc1+
21. Rd1 Rec8 22. f4 Rxd1+ 23. Qxd1 Qb6 24. Qd2 Nc4 25. Bxc4 Rxc4 26. O-O Qc6 27.
Qd8+ Kh7 28. Qd3+ Kg8 29. h3 Rc2 30. Rf2 Rxb2 31. Qd8+ Kh7 32. Rxb2 Qc1+ 33. Kh2
Qxb2 34. Qa5 a6 35. Qf5+ 1/2-1/2

[Event "27th Czech Open A 2016"]
[Site "Pardubice CZE"]
[Date "2016.07.23"]
[Round "2.39"]
[White "Venkatesh, M.R."]
[Black "Swicarz, Maciej"]
[Result "1-0"]
[WhiteTitle "GM"]
[WhiteElo "2445"]
[BlackElo "2292"]
[WhiteFideId "5005779"]
[BlackFideId "1113585"]
[EventDate "2016.07.22"]

1. e4 d6 2. d4 Nf6 3. Nc3 e5 4. Nf3 Nbd7 5. Bc4 Be7 6. O-O O-O 7. a4 exd4 8.
Nxd4 Ne5 9. Ba2 c5 10. Nf5 Bxf5 11. exf5 Qd7 12. Nd5 Nxd5 13. Qxd5 Nc6 14. c3
Rad8 15. Rd1 Bf6 16. g4 Ne7 17. Qg2 g5 18. h4 gxh4 19. Bh6 Kh8 20. Bxf8 Rxf8 21.
Qe4 Nc6 22. Kf1 Rg8 23. f3 Be5 24. Qe3 b6 25. Qh6 Bg3 26. Bb1 Ne7 27. Be4 Qc7
28. Rd2 c4 29. Rad1 d5 30. Bxd5 Bf4 31. Qf6+ Rg7 32. Re2 Ng8 33. Qxh4 Bg5 34.
Qh2 Bf4 35. Qf2 Be5 36. Qe3 f6 37. Qe4 Ne7 38. Bxc4 Nxf5 39. Qa8+ 1-0

[Event "27th Czech Open A 2016"]
[Site "Pardubice CZE"]
[Date "2016.07.23"]
[Round "2.40"]
[White "Ladva, Ottomar"]
[Black "Hacker, Jonas"]
[Result "1-0"]
[WhiteTitle "IM"]
[BlackTitle "FM"]
[WhiteElo "2443"]
[BlackElo "2275"]
[WhiteFideId "4500024"]
[BlackFideId "1270968"]
[EventDate "2016.07.22"]

1. Nf3 d5 2. g3 Nf6 3. Bg2 c6 4. O-O Bg4 5. d3 Nbd7 6. Qe1 e5 7. e4 dxe4 8. dxe4
Bc5 9. Nbd2 O-O 10. h3 Be6 11. Ng5 Qe7 12. Kh1 Rfe8 13. Qe2 Nb6 14. Nxe6 Qxe6
15. Nb3 Bf8 16. Na5 Rab8 17. a3 Nbd7 18. Bd2 b6 19. Nc4 b5 20. Na5 Nb6 21. b3 a6
22. Kh2 Bc5 23. Rfc1 Bf8 24. Re1 Rbd8 25. Be3 Rb8 26. Red1 Nbd7 27. Bf3 Nc5 28.
Bd2 Nb7 29. Nxb7 Rxb7 30. Ba5 Bc5 31. Rd3 Bb6 32. Bxb6 Rxb6 33. Qe3 c5 34. Rad1
Rc6 35. Rd8 h6 36. Be2 c4 37. bxc4 bxc4 38. Qa7 Kh7 39. Qb8 Rc8 40. Rxe8 Qxe8
41. Qb7 Qe6 42. Kg2 Rc6 43. Rd8 Kg6 44. h4 h5 45. Rh8 Rd6 46. Rc8 Rd7 47. Qc6
Rd2 48. Bxc4 Qg4 49. Rf8 Qxe4+ 50. Qxe4+ Nxe4 51. Bxf7+ Kh7 52. Bc4 Nd6 53. Bxa6
e4 54. c4 e3 55. c5 Ne4 56. c6 e2 57. Bxe2 Rxe2 58. c7 Nd6 59. Rd8 Rc2 60. Rxd6
Rxc7 61. Rd2 Rc4 62. Ra2 Ra4 63. Kf3 g5 64. hxg5 Kg6 65. Ke3 Kxg5 66. Kd3 h4 67.
gxh4+ Kxh4 68. Kc3 Kg4 69. Kb3 Rf4 70. a4 Rf3+ 71. Kc4 Rf4+ 72. Kd3 Rf3+ 73. Ke2
Rf6 74. a5 Ra6 75. Kd3 Kf5 76. Kc4 Ke6 77. Kb5 Ra8 78. Rd2 Rb8+ 79. Kc6 Rc8+ 80.
Kb7 Rc1 81. Rb2 Kd7 82. a6 Rc7+ 83. Kb6 Rc6+ 84. Ka5 Rc5+ 85. Kb4 Rc7 86. Ra2
Ra7 87. Kc5 Kc7 88. f4 Kb8 89. Kd6 Rf7 90. Ke5 1-0

[Event "27th Czech Open A 2016"]
[Site "Pardubice CZE"]
[Date "2016.07.23"]
[Round "2.41"]
[White "Lerch, Philipp"]
[Black "Kozionov, Kirill"]
[Result "0-1"]
[WhiteTitle "FM"]
[BlackTitle "IM"]
[WhiteElo "2315"]
[BlackElo "2440"]
[WhiteFideId "4654129"]
[BlackFideId "24101729"]
[EventDate "2016.07.22"]

1. c4 Nf6 2. Nf3 c5 3. Nc3 e6 4. g3 b6 5. Bg2 Bb7 6. O-O Be7 7. Re1 Ne4 8. Qc2
Nxc3 9. dxc3 Nc6 10. e4 g5 11. Be3 g4 12. Nd2 Ne5 13. Bf4 Qc7 14. Nf1 h5 15. Ne3
Bf6 16. Nd5 exd5 17. exd5 d6 18. Bxe5 Bxe5 19. Rxe5+ dxe5 20. d6 Qd7 21. Bxb7
Qxb7 22. Qf5 Rh6 23. Rd1 Qd7 24. Qg5 Rg6 25. Qxe5+ Kd8 26. Qh8+ Qe8 27. Qxh5 Kd7 0-1

[Event "27th Czech Open A 2016"]
[Site "Pardubice CZE"]
[Date "2016.07.23"]
[Round "2.42"]
[White "Antonio, Viani D'cunha"]
[Black "Lalic, Bogdan"]
[Result "1/2-1/2"]
[BlackTitle "GM"]
[WhiteElo "2305"]
[BlackElo "2436"]
[WhiteFideId "5027330"]
[BlackFideId "409081"]
[EventDate "2016.07.22"]

1. e4 e6 2. d4 d5 3. exd5 exd5 4. Nf3 Nc6 5. Bd3 Bd6 6. O-O Bg4 7. Re1+ Nge7 8.
c3 Qd7 9. h3 Bh5 10. Nbd2 Bg6 11. Bf1 f6 12. b4 O-O 13. Nb3 Rfe8 14. Nc5 Qc8 15.
Qb3 Bf7 16. a4 a5 17. b5 b6 18. bxc6 bxc5 19. dxc5 Bxc5 20. Qb5 Bd6 21. Nd4 Rb8
22. Qa6 Qxa6 23. Bxa6 Nxc6 24. Rxe8+ Bxe8 25. Nb5 Ne5 1/2-1/2

[Event "27th Czech Open A 2016"]
[Site "Pardubice CZE"]
[Date "2016.07.23"]
[Round "2.43"]
[White "Carlsson, Pontus"]
[Black "Gahan, M G"]
[Result "1/2-1/2"]
[WhiteTitle "GM"]
[WhiteElo "2435"]
[BlackElo "2249"]
[WhiteFideId "1705814"]
[BlackFideId "5027373"]
[EventDate "2016.07.22"]

1. e4 c5 2. Nf3 e6 3. d4 cxd4 4. Nxd4 a6 5. Bd3 Bc5 6. Nb3 Ba7 7. Qg4 Nf6 8. Qg3
d6 9. O-O Nc6 10. Nc3 b5 11. Kh1 Bb7 12. f4 O-O 13. a3 Qc7 14. f5 Ne5 15. Bg5
Kh8 16. Qh4 Ng8 17. f6 Ng6 18. Qh3 gxf6 19. Rxf6 Kg7 20. Raf1 h6 21. Bd2 Qe7 22.
R6f3 Qh4 23. Qxh4 Nxh4 24. Rg3+ Ng6 25. Ne2 e5 26. Rgf3 d5 27. Ng3 Nh4 28. Nh5+
Kh8 29. Rh3 Nxg2 30. Kxg2 dxe4 31. Na5 exd3+ 32. Nxb7 dxc2 33. Bb4 Rfc8 34. Bc3
Bd4 35. Rc1 Rc7 36. Na5 Ne7 37. Rxc2 Nd5 38. Nb3 Rg8+ 39. Kf3 Bxc3 40. bxc3 Nxc3
41. Ng3 Rg6 42. Rh5 f6 43. Ne4 Nd5 44. Rxc7 Nxc7 45. Nbc5 Kg7 46. Ng3 Rg5 47.
Nce4 Rxh5 48. Nxh5+ Kg6 49. Nhxf6 Ne6 50. Ke3 Nd4 51. Kd3 Nf3 52. h3 Ne1+ 53.
Kd2 Nf3+ 54. Ke3 Ne1 55. Ng4 Nc2+ 56. Kd3 Nxa3 57. Nxe5+ Kh5 58. Nf3 Nc4 59.
Ng3+ Kg6 60. Nd4 Kg5 61. Ngf5 Kf4 62. h4 Kg4 63. Ke4 Nd2+ 64. Kd3 Nc4 65. Kc3
Ne5 66. Nxh6+ Kxh4 67. Nhf5+ Kg5 68. Nd6 Kf6 69. Kb4 Ke7 70. Ne4 Kd7 71. Kc5
Nd3+ 72. Kb6 b4 73. Nb3 Ke6 74. Kc6 Ke5 75. Ned2 Kf4 76. Kd5 Ne5 77. Ne4 Nd3 78.
Kd4 Ne5 79. Nd6 Nd7 80. Nc4 Nf6 81. Nca5 Ne8 82. Nc6 a5 83. Ncxa5 Nd6 84. Nc6
Nf5+ 85. Kd3 Nd6 86. Ne7 Ke5 87. Nc6+ Kf4 88. Kd4 Nf5+ 89. Kd5 Ne3+ 90. Kc5 Ke4
91. Nca5 Kd3 92. Kb5 Kc3 93. Nc5 Nc2 94. Na4+ Kd4 95. Nb3+ Kd5 96. Nd2 b3 97.
Nb2 Kd4 98. Nb1 Ne3 99. Kb4 Nd5+ 100. Ka3 Nb6 101. Kxb3 Nd5 102. Na3 Nf6 103.
Nc2+ Kd5 104. Nc4 Ne4 105. N4e3+ Kc5 106. Ng4 Nd6 107. Kc3 Ne4+ 108. Kd3 Nd6
109. Nf6 Nb5 110. Ne4+ Kd5 111. Nb4+ Ke5 112. Ke3 Nd6 113. Nd3+ Kd5 114. Nf4+
Ke5 115. Nxd6 Kxd6 1/2-1/2

[Event "27th Czech Open A 2016"]
[Site "Pardubice CZE"]
[Date "2016.07.23"]
[Round "2.44"]
[White "Kathmale, Sameer"]
[Black "Tomazini, Zan"]
[Result "1-0"]
[WhiteTitle "IM"]
[BlackTitle "IM"]
[WhiteElo "2298"]
[BlackElo "2432"]
[WhiteFideId "5024498"]
[BlackFideId "14608162"]
[EventDate "2016.07.22"]

1. e4 g6 2. d4 Bg7 3. Nc3 d6 4. Be3 a6 5. Qd2 Nd7 6. h4 h5 7. Nh3 b5 8. a4 b4 9.
Nd5 c5 10. Ng5 Ngf6 11. dxc5 dxc5 12. Nxf6+ Bxf6 13. Qd5 Bxg5 14. Bxg5 Rb8 15.
Bc4 O-O 16. Rd1 Qa5 17. Bxe7 Nb6 18. Qg5 Bf5 19. Qh6 b3+ 20. c3 Nd7 21. exf5
Rfe8 22. Qxg6+ Kh8 23. Qxh5+ Kg7 24. Qxf7+ 1-0

[Event "27th Czech Open A 2016"]
[Site "Pardubice CZE"]
[Date "2016.07.23"]
[Round "2.45"]
[White "Visakh, N R"]
[Black "Ni, Viktorija"]
[Result "1-0"]
[WhiteTitle "IM"]
[BlackTitle "WIM"]
[WhiteElo "2431"]
[BlackElo "2241"]
[WhiteFideId "25012223"]
[BlackFideId "11602252"]
[EventDate "2016.07.22"]

1. e4 c5 2. Nf3 e6 3. d4 cxd4 4. Nxd4 Nc6 5. Nc3 Qc7 6. Be2 a6 7. O-O Nf6 8. Kh1
Bb4 9. Nxc6 bxc6 10. Qd4 Bd6 11. Qd3 a5 12. f4 Ba6 13. Qf3 Bxe2 14. Nxe2 Bc5 15.
e5 Nd5 16. Ng3 f5 17. exf6 Nxf6 18. f5 e5 19. Bg5 d5 20. c4 e4 21. Qd1 Bd6 22.
Bxf6 gxf6 23. Nh5 Be5 24. cxd5 Rd8 25. Rc1 Qd7 26. Rxc6 Qxd5 27. Qxd5 Rxd5 28.
Nxf6+ Bxf6 29. Rxf6 Rf8 30. Re6+ Kd7 31. Rxe4 Rfxf5 32. Ree1 Rxf1+ 33. Rxf1 Rd2
34. Rb1 Kd6 35. h3 h5 36. Kh2 h4 37. a3 Kc6 38. b4 a4 39. b5+ Kb6 40. Rb4 Ka5
41. b6 1-0